Body and power in architecture (Record no. 353493)

000 -LEADER
fixed length control field 01181nam a22002177a 4500
003 - CONTROL NUMBER IDENTIFIER
control field OSt
005 - DATE AND TIME OF LATEST TRANSACTION
control field 20180116192409.0
008 - FIXED-LENGTH DATA ELEMENTS--GENERAL INFORMATION
fixed length control field 120713t 2011xxu||||| |||| 00| 0 eng d
020 ## - INTERNATIONAL STANDARD BOOK NUMBER
International Standard Book Number 3847303554
020 ## - INTERNATIONAL STANDARD BOOK NUMBER
International Standard Book Number 9783847303558
040 ## - CATALOGING SOURCE
Transcribing agency 0
082 ## - DEWEY DECIMAL CLASSIFICATION NUMBER
Classification number 720
100 1# - MAIN ENTRY--PERSONAL NAME
Personal name Souza, Renato Cesar Ferreira de.
9 (RLIN) 5609
245 ## - TITLE STATEMENT
Title Body and power in architecture
Remainder of title A research for a sensory pedagogy /
Statement of responsibility, etc. Renato Cesar Ferreira de Souza.
260 ## - PUBLICATION, DISTRIBUTION, ETC.
Place of publication, distribution, etc. Saarbrucken :
Name of publisher, distributor, etc. LAP LAMBERT Academic Publishing,
Date of publication, distribution, etc. 2011.
300 ## - PHYSICAL DESCRIPTION
Extent 68 p. :
Other physical details ill;
Dimensions 22 cm.
520 ## - SUMMARY, ETC.
Summary, etc. This book summarizes the history of Architectural Education in Brazil and in the UK, interpreting its relationship with the political, social and cultural life. It emphasizes how the pedagogical approach affects society showing a strong influence of cartesianism and positivism through an “ocularcentric” approach. Some examples are given on how contemporary Brazilian Architecture incorporated the over value of the sense of vision, criticizing its implications on teaching.
650 ## - SUBJECT ADDED ENTRY--TOPICAL TERM
Topical term or geographic name entry element Architecture
General subdivision Philosophy.
9 (RLIN) 5610
942 ## - ADDED ENTRY ELEMENTS (KOHA)
Source of classification or shelving scheme
Koha item type Book
Holdings
Withdrawn status Lost status Source of classification or shelving scheme Damaged status Not for loan Permanent Location Current Location Date acquired Total Checkouts Total Renewals Full call number Barcode Date last seen Date last checked out Cost, replacement price Price effective from Koha item type
          School of Art Design and Architecture (SADA) School of Art Design and Architecture (SADA) 07/11/2012 3 2 720 SOU 2011 SADA0001692 02/18/2015 02/12/2015 5491.00 07/13/2012 Book
© 2023 Central Library, National University of Sciences and Technology. All Rights Reserved.